Missing Word: Alliterative Harry Potter Quiz Stats

Quiz Updated Aug 17, 2015

Challenge
Share
Tweet
Embed
Score 0/26 Timer 04:00
1 Play Today
Hint Answer % Correct
Severus ____Snape
96.7%
Luna ____Lovegood
96.5%
Marauder's ____Map
96.4%
Cho ____Chang
95.3%
____ PettigrewPeter
94.7%
Moaning ____Myrtle
93.8%
Dudley ____Dursley
92.1%
____ TournamentTriwizard
91.9%
____ McGonagallMinerva
91.4%
Forbidden ____Forest
90.4%
____ GryffindorGodric
88.9%
____ RavenclawRowena
87.8%
____ SlytherinSalazar
87.5%
Hint Answer % Correct
Shrieking ____Shack
87.4%
Padma ____Patil
85.9%
____ HufflepuffHelga
84.5%
Quirinus ____Quirrell
83.7%
Bathilda ____Bagshot
83.5%
Pansy ____Parkinson
82%
____ ManorMalfoy
80.5%
____ FlitwickFilius
74.8%
Gellert ____Grindelwald
73.2%
Stan ____Shunpike
73%
Borgin & ____Burkes
72.9%
Weasleys' Wizard ____Wheezes
71.2%
Bathsheba ____Babbling
34.1%

Today's Daily Dose

You're not logged in!

Compare scores with friends on all Sporcle quizzes.
Sign Up with Email
OR
Log In

You Might Also Like...

Show Comments

Extras

Top Quizzes Today


Score Distribution

Your Account Isn't Verified!

In order to create a playlist on Sporcle, you need to verify the email address you used during registration. Go to your Sporcle Settings to finish the process.